00626nam a2200193 a 450000100100000000500170001000800410002704000250006808200170009324500980011026000280020830000210023649000250025750000380028265000240032065000260034470000350037083000270040500002335420200930022148.0101202s1967 sp 000 p spa d aDO-SdBNPbspacBNPHU a863.6bP745e00aPoesía elegíaca española /cselección, introducción y notas de Bruce W. Wardropper. aMadrid :bAnaya,c1967. a173 p. ;c17 cm.1 aBiblioteca Anayav80 aIncluye notas al pie de páginas 4aPoesía española 4aLiteratura española1 aWardropper, Bruce W.,eintrod. 0aBiblioteca Anaya ;v80